000 00885nam a2200265Ia 4500
001 Z_4389
008 220113s1977 xx 000 0 und d
010 _a167459
082 _a636.082 C87
100 _aCurso de Actualización sobre Temas Selectos de Endocrinología Veterinaria (1977 : México, D.F.)
_9141675
245 _aMemorias /
_cpor John E. Cox
260 _aMéxico, D. F. :
_bUNAM. Facultad de Medicina Veterinaria y Zootecnia,
_c1977
300 _ap.p. 1-26
440 _a
500 _aEncuadernado con otros impresos similares
503 _a
650 _aEndocrinología
_936871
650 _aReproducción animal
_xEstudio y enseñanza
_996030
650 _aVeterinaria
_xCongresoso I. Cox, John II. UNAM. Facultad de Medicina Veterinaria y Zootecnia
_9141676
901 _a636.082 C87
902 _aA
910 _a1977
942 _cc1
999 _c167459
_d167459